COD zombies (Treayarch) ,quiz - Statistics

General Stats
  • This quiz has been taken 282 times
  • The average score is 13 of 20
Answer Stats
Question Answer % Correct
What is the only magic box's weapon that is in COD zombies since world at war (nacht der untoten) ? Raygun
88%
In which map the thunder gun appear for the firs time ? Kino der toten
84%
which gum in BO3 allow you to revive every fallen player immediatly and also allow them to keep their perks ? phoenix +
84%
In origins, what you have to do to build the ice baton ? dig up the pieces when it's snowing
78%
Which of these perk cease to be in the game after black ops 2 ? phd flopper
78%
in only wich map you can get the bonus to reduce the pack-a-punch upgrade prize from 5000 to 1000 points ? Five
76%
Which of these perks make you invulnerable to auto-dammage ? PHD Flopper
76%
Which of these bosses does not steal you somethings ? the warden
76%
What eye color does the zombies have when they are controlled by Richtofen ? blue
74%
Which boss do you have to kill to get a wunderwaffe Georges Romero
74%
Which of these weapons can reanimate a player by shooting them after being upgrade ? Balistic knive
70%
Which perk has a different effect depending on the player's number ? quick revive
66%
How is call the universe where the origins's crew came from Primis
64%
In which call of duty you can upgrade the monkey-bomb ? Black ops III
60%
In Moab of the dead/ Blood of the dead, how do you get the warden'skey ? kill the warden for the first time
56%
Which map is (where the secret is) "the opposite of moon" Der eisendrache
52%
How many maps have a name in german ? 5
36%
In Der eisendrache, at which round does the panzer zombie appear for the first time ? 12
32%
In which map there was the very first secret ? Ascension
32%
How many maps are in Russia/USSR ? 3
30%
No matching quizzes found
Score Distribution
Percent of People with Each Score
Percentile by Number Answered
Your Score History
You have not taken this quiz